The Life of Martin Luther King Jr. - Statistics

General Stats
  • This quiz has been taken 11,057 times
    10,986 since last reset
  • The average score is 11 of 20
Answer Stats
Hint Answer % Correct
Martin Luther King's most famous speech I Have a {Dream}
100%
Major international prize he won in 1964 Nobel Peace Prize
86%
City in which he delivered that speech Washington D.C.
83%
War that he protested against Vietnam War
81%
World leader who inspired King's non-violent approach Mahatma Gandhi
79%
Civil rights leader who had very different approach to the civil rights movement and called Martin Luther King a "chump" Malcolm X
73%
City in which King was assassinated in 1968 Memphis
63%
President who signed the bill makingMartin Luther King Jr. Day a federal holiday Ronald Reagan
63%
King's profession before becoming a civil rights leader Pastor
61%
In 1965, King led three marches between these two cities in Alabama Montgomery
58%
City where he was born Atlanta
54%
Quote ... judged by the color of their skin but bythe content of their {character}
51%
In 1965, King led three marches between these two cities in Alabama Selma
45%
Head of the FBI who investigated and harassed King J. Edgar Hoover
44%
Quote {Injustice} anywhere is a threat to justice everywhere
41%
His wife's name {Coretta} Scott King
39%
Civil rights organization he was the first President of {Southern} ChristianLeadership Conference
28%
Man who was convicted of that crime James Earl Ray
20%
Quote A {riot} is the language of the unheard
17%
His birth name {Michael} King Jr.
14%
No matching quizzes found
Score Distribution
Percent of People with Each Score
Percentile by Number Answered
Your Score History
You have not taken this quiz since the last reset